El domingo de los niños; colección de artículos recreativos para instrucción de la juventud.

Gespeichert in:
Bibliographische Detailangaben
Format: Buch
Sprache:Spanisch
Erschienen: México Rafael y Vila 1851
Katalog:MANES:  Suchergebnis im Bibliothekskatalog
Schulbuchspezifische Eigenschaften:
Schlagworte:
Tags: Tag hinzufügen
Keine Tags, Fügen Sie den ersten Tag hinzu!
Hinzugefügt zu:31.05.2019
Geändert in:01.06.2019

MARC

LEADER 00000nam a22000007a 4500
005 20190601133447.0
008 190601b xxu||||| |||| 00| 0 spa d
040 |a centro_manes  |c universidad_colima 
245 |a El domingo de los niños; colección de artículos recreativos para instrucción de la juventud. 
260 |a México  |b Rafael y Vila  |c 1851 
300 |a IV-128 p.  |c 24 cm.  |e Ils. 
500 |a Aparece: Francisco Ziga, "Bibliografía Pedagógica. Libros de texto para enseñanza primaria:1850-1970 VI. "Libros de civismo, derecho constitucional, economía y moral" en Boletín del Instituto de Investigaciones Bibliográficas 1981-1982, Biblioteca Nacional, Hemeroteca Nacional, Universidad Nacional Autónoma de México, Nos. 18 - 19, p. 130. Tr. Del francés por Anselmo de la Portilla. Biblioteca del Espectador).  
650 0 |9 23515  |a Educación Cívica y Moral 
691 0 |a PRI 
942 |2 ddc  |c BK 
999 |c 85402  |d 85402 
999 |c manes:85402  |d 85402